Vista normal Vista MARC

Entrada Personal Name

Número de registros utilizados en: 1

001 - CONTROL NUMBER

  • control field: 38405

003 - CONTROL NUMBER IDENTIFIER

  • control field: OSt

005 - DATE AND TIME OF LATEST TRANSACTION

  • control field: 20210708121542.0

008 - FIXED-LENGTH DATA ELEMENTS

  • fixed length control field: 210708|| aca||aabn | a|a d

040 ## - CATALOGING SOURCE

  • Original cataloging agency: OSt
  • Transcribing agency: OSt

100 ## - HEADING--PERSONAL NAME

  • Personal name: Esplugues Mota, Carlos

670 ## - SOURCE DATA FOUND

  • Source citation: Work cat.: (OSt)8115: Zapata de Arbeláez, Adriana, 16374 directora, El arbitraje interno e internacional en Latinoamérica : , 2010